Design with Operational Amplifier and Analog Integrated Circuits (Record no. 167948)

MARC details
000 -LEADER
fixed length control field 00487nam a2200193Ia 4500
008 - FIXED-LENGTH DATA ELEMENTS--GENERAL INFORMATION
fixed length control field 240823s9999||||xx |||||||||||||| ||und||
020 ## - INTERNATIONAL STANDARD BOOK NUMBER
International Standard Book Number 0-07-053044-0
082 ## - DEWEY DECIMAL CLASSIFICATION NUMBER
-- 621.395 P2
100 ## - MAIN ENTRY--PERSONAL NAME
Personal name "Franco,Sergio"
245 #0 - TITLE STATEMENT
Title Design with Operational Amplifier and Analog Integrated Circuits
250 ## - EDITION STATEMENT
Edition statement 3rd
260 ## - PUBLICATION, DISTRIBUTION, ETC. (IMPRINT)
Date of publication, distribution, etc 2002
Name of publisher, distributor, etc TMH New D
500 ## - GENERAL NOTE
General note TRANSFERED
650 ## - SUBJECT ADDED ENTRY--TOPICAL TERM
Topical term or geographic name as entry element Op-Amp
942 ## - ADDED ENTRY ELEMENTS (KOHA)
Item type Books
Holdings
Withdrawn status Lost status Damaged status Permanent location Current location Shelving location Date acquired Source of acquisition Cost, normal purchase price Full call number Barcode Date last seen Koha item type
      CENTRAL LIBRARY, NOORUL ISLAM CENTRE FOR HIGHER EDUCATION CENTRAL LIBRARY, NOORUL ISLAM CENTRE FOR HIGHER EDUCATION   06/30/2004 Greenland Book Centre 225.00 621.395 P2 22419 08/23/2024 Books
Visitors:
Copyright © 2024 Central Library NICHE.  All rights reserved.